Los ex-hombres

Guardat en:
Dades bibliogràfiques
Autor principal: Gorki, Máximo (Autor)
Format: Llibre
Idioma:espanyol
Publicat: Barcelona EDISVEN S.A 1968
Edició:1a. ed
Col·lecció:Libro de Bolsillo. Clásicos, 4
Matèries:
Etiquetes: Afegir etiqueta
Sense etiquetes, Sigues el primer a etiquetar aquest registre!

MARC

LEADER 00000nam a2200000 a 4500
001 UCH0330
003 CL-VaPUC
008 090306e19680000SP |||||||||||||||||spa|d
082 0 4 |a 891.703  |b GOR  |2 21 
100 0 |a Gorki, Máximo  |e author  |9 352808 
245 1 4 |a Los ex-hombres 
250 |a 1a. ed 
300 |a 193 p 
942 |c BK 
945 |d 20090306 00:00:00  |a cmena 
260 |a Barcelona  |b EDISVEN S.A  |c 1968 
650 0 |a Novelas rusas   |9 316330 
650 0 |a Literatura rusa  |9 318370 
583 |a last modification  |c 20130105 12:32:19  |k Rodrigo Vera 
490 0 |a Libro de Bolsillo. Clásicos, 4 
999 |c 332663  |d 332661 
952 |0 0  |1 0  |4 0  |6 891_703000000000000_GOR_1968  |7 0  |8 A  |9 420519  |a BIBEDU  |b BIBEDU  |d 2019-11-22  |i 4519507  |o 891.703 GOR 1968  |p 4519507  |r 2019-11-22  |w 2019-11-22  |y BK  |k LIT